000
00266nam a22001097a 4500
999
_c
2900
_d
2900
008
190405e1995 ag ||||| |||| 00| 0 spa d
100
1
_a
Cameron, Robert
245
_a
Oncologia practica
250
_a
1a ed.
260
_a
Buenos Aires
_b
Panamericana
_c
1995
500
_3
Baja